000 00600nam a2200217 a 4500
001 18334
003 CO-ViMGA
008 141112s2004 ck r 000 u spa d
020 _a9588160200
040 _aCO-ViMGA
_bspa
_cCO-ViMGA
082 0 4 _aAKLm
100 1 _aAkl, María; Kent, Jennie
_926084
245 1 0 _aEl misterio de la escalera
260 _aBogotá,
_cVillegas,
_c2002
300 _a205.p.
590 _aForma de adquisición : Premio - Mincultura
650 1 4 _aCUENTOS DE DUENDES
_926085
650 1 4 _aCUENTOS DE HADAS
_95780
650 1 4 _aCUENTOS INFANTILES
_92743
942 _2ddc
_cBK
999 _c27643
_d27643